Normal view
MARC view
Entry Topical Term
001 - CONTROL NUMBER
- control field: 71357
003 - CONTROL NUMBER IDENTIFIER
- control field: dpl
005 - DATE AND TIME OF LATEST TRANSACTION
- control field: 20240909170652.0
008 - FIXED-LENGTH DATA ELEMENTS
- fixed length control field: 240909|| aca||aabn | a|a d
040 ## - CATALOGING SOURCE
- Original cataloging agency: dpl
- Transcribing agency: dpl
150 ## - HEADING--TOPICAL TERM
- Topical term or geographic name as entry element: हिन्दी
670 ## - SOURCE DATA FOUND
- Source citation: Work cat.: (dpl)205734: सुमन कुमारी 71356, डॉ . अशोक कुमार 'मंगलेश 'की काव्य ---साधना ;, 2019
